000 00313nam a2200121Ia 4500
008 231129s9999||||xx |||||||||||||| ||spa||
040 _bspa
082 _a525 R742c
100 _aRojas Rodriguez Guillermo
245 0 _aCiencia integrada
264 _aFondo Editorial para Educacion a Distancia
942 _2ddc
_cBKS
999 _c6951
_d6951